| 000 | 00807nam a22002535a 4500 | ||
|---|---|---|---|
| 005 | 20161219154227.0 | ||
| 008 | 161219t2014 nyua frb 001 0 eng d | ||
| 020 | _a9780071819527 | ||
| 020 | _a0071819525 | ||
| 040 |
_aEG-ScBUE _beng _cEG-ScBUE _dEG-ScBUE |
||
| 082 | 0 | 4 |
_222 _a332.6 _bEMO |
| 100 | 1 | _aEmons, Ben. | |
| 245 | 1 | 4 |
_aThe end of the risk-free rate : _binvesting when structural forces change government debt / _cBen Emons. |
| 260 |
_aNew York : _bMcGraw-Hill, _cc.2014. |
||
| 300 |
_ax, 242 p. : _bill. ; _c24 cm. |
||
| 500 | _aIndex : p. 225-242 | ||
| 504 | _aBibliography : p. 217-222. | ||
| 650 | 7 |
_2BUEsh _aFinancial risk. _932837 |
|
| 650 | 7 |
_2BUEsh _aDebts, Public. _932129 |
|
| 650 | 7 |
_2BUEsh _99026 _aInvestments. |
|
| 651 | _2BUEsh | ||
| 653 |
_bBUSADM _cDecember2016 |
||
| 942 | _2ddc | ||
| 999 |
_c23645 _d23617 |
||